Actividades de matemáticas 1 : cuaderno, ciclo inicial EGB

Gespeichert in:
Bibliographische Detailangaben
1. Verfasser: Pañellas Valls, M (VerfasserIn)
Weitere Verfasser: Castellví Suaña, AMª. Autora
Format: Buch
Sprache:Spanisch
Erschienen: Madrid SM 1985
Katalog:MANES:  Suchergebnis im Bibliothekskatalog
Schulbuchspezifische Eigenschaften:
Tags: Tag hinzufügen
Keine Tags, Fügen Sie den ersten Tag hinzu!
Hinzugefügt zu:20.05.2019
Geändert in:07.05.2025

MARC

LEADER 00000nam a2200000Ia 4500
003 aOSt
005 20250507133416.0
008 190521s9999 esp 000 0 spa d
561 |5 es-CICE  |3 FMa/M384  |a España. Centro Internacional de la Cultura Escolar  |k MANES 
999 |c 104656  |d 104656 
020 |a 8434816385 
040 |c Centro_internacional de la cultura escolar  |a centro_manes 
080 |a 372.851 
100 |a Pañellas Valls, M  |9 35434  |e Autor 
245 1 1 |a Actividades de matemáticas 1 : cuaderno, ciclo inicial EGB  
260 |a Madrid  |b SM  |c 1985 
300 |a 96 p.   |c 27 x 19 cm 
500 |a Contiene ilustraciones a color y ejercicios para el alumno 
546 |a España 
690 0 |a MATE 
691 0 |a PRI 
700 |9 7662  |a Castellví Suaña, AMª. Autora 
942 |c BK  |2 ddc 
999 |c manes:104656  |d 104656